|
|
|
|
| LEADER |
02139nam a2200565 i 4500 |
| 001 |
nkc20253705229 |
| 003 |
CZ PrNK |
| 005 |
20251008085727.0 |
| 007 |
ta |
| 008 |
250822s2025 xr abh e 000 0 cze |
| 015 |
|
|
|a cnb003705229
|
| 020 |
|
|
|a 978-80-88495-49-9
|q (vázáno) :
|c Kč 399,00
|
| 035 |
|
|
|a (OCoLC)1549631454
|
| 040 |
|
|
|a OLA001
|b cze
|d ABA001
|e rda
|
| 043 |
|
|
|a e-xr---
|b e-xr-pa
|2 czenas
|
| 045 |
|
|
|a w4w9
|
| 072 |
|
7 |
|a 656.2
|x Železniční doprava
|2 Konspekt
|9 4
|
| 080 |
|
|
|a 656.2/.3
|2 MRF
|
| 080 |
|
|
|a 656.21
|2 MRF
|
| 080 |
|
|
|a (437.314)
|2 MRF
|
| 080 |
|
|
|a (084.12)
|2 MRF
|
| 100 |
1 |
|
|a Černý, Karel,
|d 1965-
|7 xx0002093
|4 aut
|
| 245 |
1 |
0 |
|a Historická železnice v Pardubickém kraji /
|c Karel Černý, Roman Jeschke, Martin Navrátil, Martin Štěpán
|
| 250 |
|
|
|a Druhé vydání
|
| 264 |
|
1 |
|a Polnička :
|b Tváře,
|c 2025
|
| 300 |
|
|
|a 151 stran :
|b ilustrace (některé barevné), mapy, faksimile ;
|c 17 x 24 cm
|
| 336 |
|
|
|a text
|b txt
|2 rdacontent
|
| 336 |
|
|
|a statický obraz
|b sti
|2 rdacontent
|
| 337 |
|
|
|a bez média
|b n
|2 rdamedia
|
| 338 |
|
|
|a svazek
|b nc
|2 rdacarrier
|
| 504 |
|
|
|a Obsahuje bibliografii
|
| 648 |
|
7 |
|a 19. století
|7 ch460557
|2 czenas
|
| 648 |
|
4 |
|a 1845-1899
|
| 650 |
0 |
7 |
|a železnice
|7 ph127917
|z Česko
|y 19. století
|2 czenas
|
| 650 |
0 |
7 |
|a železniční tratě
|7 ph127925
|z Česko
|y 19. století
|2 czenas
|
| 650 |
0 |
9 |
|a railroads
|z Czechia
|y 19th century
|2 eczenas
|
| 650 |
0 |
9 |
|a railroad lines
|z Czechia
|y 19th century
|2 eczenas
|
| 651 |
|
7 |
|a Pardubický kraj (Česko : 2000-)
|7 ge135828
|2 czenas
|
| 651 |
|
9 |
|a Pardubice Region (Czechia : 2000-)
|2 eczenas
|
| 651 |
|
9 |
|a Pardubický kraj (Czechia : 2000-)
|2 eczenas
|
| 655 |
|
7 |
|a fotografické publikace
|7 fd132276
|2 czenas
|
| 655 |
|
9 |
|a photographical works
|2 eczenas
|
| 700 |
1 |
|
|a Jeschke, Roman
|7 jo20191045357
|4 aut
|
| 700 |
1 |
|
|a Navrátil, Martin,
|d 1963-
|7 mzk2002160764
|4 aut
|
| 700 |
1 |
|
|a Štěpán, Martin
|7 hka2010607321
|4 aut
|
| 910 |
2 |
|
|a BOA001
|b 2-1548.940
|
| 990 |
|
|
|a BK
|
| 995 |
|
|
|a 01
|
| 991 |
|
|
|b 202509
|c NOV
|
| 996 |
6 |
|
|b 2611014027
|c 2-1548.940
|l MZK
|r Sklad / do 1 hodiny
|n 0
|p p.v.
|w 002019333
|u 000010
|a 1
|e BOA001
|j MZK50
|s P
|